000 00311nam a2200109Ia 4500
008 201210s9999 xx 000 0 und d
100 _aO'Laoghaire, D. T. and Himmelblau, D. M.
245 0 _aOptimal Expansion of a Water Resources System
260 _aNew York
_bAcademic Press
_c1974
300 _a273
942 _cBK
999 _c5244
_d5244